00271nam a2200109Ia 4500008004000000082001500040100001800055245002300073250000500096260004400101300001600145210210b1985 xxu||||| |||| 00| 0 eng d a320.5 JOHP aJOHARI (J C). aPolitical thought. a aNDbB V Gupta, Managing director.c1985 axii,308-752